Ten Highest Grossing Best Pictures (1980-2010) Quiz Stats

 Plays Quiz not verified by Sporcle

Challenge
Share
Tweet
Embed
Score 0/10 Timer 06:00
0 Plays Today
Approx. Gross Revenue Movie % Correct
$1.8 billionTitanic
98.8%
$1.1 billionLord of the Rings: Return of the King
82%
$677 millionForrest Gump
63.5%
$457 millionGladiator
52.7%
$424 millionDances With Wolves
35.9%
$321 millionSchindler's List
32.3%
$354 millionRain Man
31.1%
$377 millionSlumdog Millionaire
26.9%
$414 millionThe King's Speech
25.7%
$356 millionAmerican Beauty
21%

You're not logged in!

Compare scores with friends on all Sporcle quizzes.
OR
Log In

You Might Also Like...

Show Comments

Extras

Top Quizzes Today


Score Distribution

Your Account Isn't Verified!

In order to create a playlist on Sporcle, you need to verify the email address you used during registration. Go to your Sporcle Settings to finish the process.

Report this User

Report this user for behavior that violates our Community Guidelines.

Details: